[Event "Master Open"]
[Site "Voronezh"]
[Date "2017.06.12"]
[Round "1.15"]
[White "Pridorozhni, Aleksei"]
[Black "Shtyka, Sergey"]
[Result "1-0"]
[WhiteElo "2540"]
[BlackElo "2281"]
[Annotator ""]
[Source ""]
[Remark ""]

1.e4 c5 2.Nf3 d6 3.c3 Nf6 4.h3 g6 5.Bd3 Bg7 6.Bc2 O-O 7.O-O b5
8.d4 cxd4 9.cxd4 Bb7 10.Re1 Nc6 11.a3 Nd7 12.Nc3 a6 13.Be3 Rc8
14.Bd3 Nb6 15.Rc1 e6 16.b3 Re8 17.Qd2 d5 18.e5 Bf8 19.Nb1 Qd7
20.Nh2 Bg7 21.Bh6 f5 22.Bxg7 Qxg7 23.Bf1 Rc7 24.Rc3 Rec8 25.Rec1
Nd8 26.f4 Qd7 27.Rc5 Bc6 28.Nf3 Nb7 29.R5c2 a5 30.Ne1 a4 31.b4
Nc4 32.Qf2 Qe7 33.Rc3 Be8 34.Nd3 h6 35.Nc5 Nd8 36.g4 Kh8 37.Rg3
Qf8 38.gxf5 gxf5 39.Kh2 Bh5 40.Bxc4 dxc4 41.Rcg1 Be8 42.Nc3 Rh7
43.Qg2 1-0

[Event "Master Open"]
[Site "Voronezh"]
[Date "2017.06.12"]
[Round "1.16"]
[White "Ageichenko, Genadi A"]
[Black "Mozharov, Mikhail"]
[Result "0-1"]
[WhiteElo "2279"]
[BlackElo "2536"]
[Annotator ""]
[Source ""]
[Remark ""]

1.d4 Nf6 2.c4 e6 3.Nf3 b6 4.g3 Ba6 5.Qa4 Bb7 6.Bg2 g6 7.O-O Bg7
8.Nc3 Ne4 9.Qc2 Nxc3 10.Qxc3 O-O 11.Be3 d6 12.Qd2 Nd7 13.Bh6
Nf6 14.Bxg7 Kxg7 15.Rad1 Qe7 16.Qe3 Rfe8 17.Nd2 Bxg2 18.Kxg2
e5 19.dxe5 dxe5 20.Ne4 Rad8 21.Qf3 Nh5 22.Nc3 e4 23.Qe3 Nf6 24.h3
c6 25.a3 Qe6 26.b3 Qe5 27.Rxd8 Rxd8 28.Rd1 Rxd1 29.Nxd1 Qa1 30.Nc3
Qxa3 31.g4 h6 32.Nxe4 Qe7 33.Kf3 a5 34.Nc3 Qb4 35.Nd1 Qd6 36.Nc3
Qh2 37.Qf4 Qxh3+ 38.Qg3 Qh1+ 39.Ke3 Qc1+ 40.Kd3 Qxc3+ 0-1

[Event "Master Open"]
[Site "Voronezh"]
[Date "2017.06.12"]
[Round "1.17"]
[White "Shyam, Sundar M."]
[Black "Rjabzev, Konstantin"]
[Result "1-0"]
[WhiteElo "2535"]
[BlackElo "2278"]
[Annotator ""]
[Source ""]
[Remark ""]

1.e4 e5 2.Nf3 d6 3.Bc4 Be7 4.O-O Nf6 5.Re1 O-O 6.a4 Nc6 7.d3
Bg4 8.h3 Bh5 9.Nbd2 Qd7 10.c3 d5 11.exd5 Nxd5 12.Nxe5 Nxe5 13.Qxh5
Nxc4 14.Nxc4 c5 15.Ne5 Qd6 16.Bd2 Rad8 17.Qf3 Bf6 18.Ng4 Bh4
19.g3 Be7 20.c4 Nf6 21.Bf4 Qd7 22.Bg5 Nd5 23.Re5 f5 24.Rxd5 fxg4
25.Rxd7 1-0

[Event "Master Open"]
[Site "Voronezh"]
[Date "2017.06.12"]
[Round "1.18"]
[White "Grachev, Andrey"]
[Black "Swapnil, S. Dhopade"]
[Result "0-1"]
[WhiteElo "2268"]
[BlackElo "2533"]
[Annotator ""]
[Source ""]
[Remark ""]

1.e4 c6 2.d4 d5 3.e5 Bf5 4.Nf3 e6 5.Be2 c5 6.c3 Nc6 7.O-O Bg6
8.dxc5 Bxc5 9.b4 Bb6 10.Bf4 Nge7 11.Re1 O-O 12.Nbd2 d4 13.b5
dxc3 14.bxc6 cxd2 15.Bxd2 Nxc6 16.Qb3 Be4 17.Rad1 Qc7 18.Rc1
Qb8 19.Bf1 Bd5 20.Bc4 Bxf3 21.Qxf3 Nxe5 22.Qh5 Nxc4 23.Rxc4 Qd8
24.Bc3 Qd3 25.Rh4 Qf5 26.Qe2 Rac8 27.Rh3 Rfd8 28.Rf3 Qd5 29.Qb2
Rxc3 30.Rxc3 Bd4 31.Qc2 Bxc3 32.Qxc3 Qxa2 33.Qc7 Qd2 34.Rf1 Qd7 0-1

[Event "Master Open"]
[Site "Voronezh"]
[Date "2017.06.12"]
[Round "1.19"]
[White "Lintchevski, Daniil"]
[Black "Gasanov, Zaur"]
[Result "1-0"]
[WhiteElo "2532"]
[BlackElo "2264"]
[Annotator ""]
[Source ""]
[Remark ""]

1.Nf3 Nf6 2.c4 g6 3.g3 Bg7 4.Bg2 O-O 5.O-O d5 6.d4 Nc6 7.cxd5
Nxd5 8.e4 Nb6 9.d5 Na5 10.Qe2 c6 11.dxc6 Nxc6 12.Rd1 Qe8 13.h3
Be6 14.Na3 Rd8 15.Rxd8 Qxd8 16.Be3 Na4 17.Rd1 Qc8 18.Nd4 Nxd4
19.Bxd4 Bxd4 20.Rxd4 Nb6 21.Kh2 Rd8 22.Rxd8+ Qxd8 23.b3 Nd7 24.Nc2
Nc5 25.Qe3 b6 26.Nd4 Bc8 27.e5 Ne6 28.Nc6 Qc7 29.Qe4 Bb7 30.Nxe7+
Qxe7 31.Qxb7 Qxb7 32.Bxb7 Nc5 33.Bd5 Nd3 34.e6 Kf8 35.exf7 Nxf2
36.g4 Nd3 37.a4 Ne5 38.Kg3 Nxf7 39.Kf4 Nd8 40.a5 bxa5 41.Ke5
Ke7 42.h4 Kd7 43.Kf6 Ke8 44.Kg7 Ke7 45.Kxh7 1-0

[Event "Master Open"]
[Site "Voronezh"]
[Date "2017.06.12"]
[Round "1.20"]
[White "Klimentov, Evgeny"]
[Black "Zontakh, Andrey"]
[Result "1/2-1/2"]
[WhiteElo "2259"]
[BlackElo "2528"]
[Annotator ""]
[Source ""]
[Remark ""]

1.e4 c6 2.c4 d5 3.exd5 cxd5 4.cxd5 Nf6 5.Nc3 Nxd5 6.Nf3 Nxc3
7.bxc3 e6 8.d4 Qc7 9.Bd2 Bd6 10.Bd3 Nd7 11.O-O b6 12.Re1 Bb7
13.h3 O-O 14.c4 Rad8 15.Bc3 Rfe8 16.Qe2 Bxf3 17.Qxf3 e5 18.Rac1
exd4 19.Rxe8+ Rxe8 20.Bxd4 Be5 21.Be3 g6 22.Be4 Nf6 23.Bd5 Nxd5
24.cxd5 Qd6 25.Bg5 f6 26.Be3 Rd8 27.Rd1 Qb4 28.Qe2 Qa4 29.f4
Bxf4 30.Bxf4 Qxf4 31.Qe6+ Kf8 32.Rf1 Qd4+ 33.Kh1 f5 34.Rxf5+
gxf5 35.Qxf5+ Ke7 36.Qe6+ Kf8 37.Qf5+ Ke8 38.Qe6+ Kf8 39.Qf5+
Ke7 40.Qe6+ Kf8 1/2-1/2

[Event "Master Open"]
[Site "Voronezh"]
[Date "2017.06.12"]
[Round "1.21"]
[White "Moiseenko, Vadim"]
[Black "Schepetkova, Margarita"]
[Result "1-0"]
[WhiteElo "2528"]
[BlackElo "2252"]
[Annotator ""]
[Source ""]
[Remark ""]

1.d4 d5 2.c4 c6 3.e3 Nf6 4.Nc3 a6 5.a4 e6 6.Nf3 c5 7.b3 cxd4
8.exd4 Bb4 9.Bb2 Nc6 10.Rc1 Ne4 11.Bd3 Qa5 12.Qc2 Nxc3 13.Bxc3
Bxc3+ 14.Qxc3 Qxc3+ 15.Rxc3 Nb4 16.Kd2 Bd7 17.a5 Ke7 18.Re1 Rhd8
19.Bxh7 g6 20.h4 dxc4 21.bxc4 Be8 22.h5 gxh5 23.Rb1 Nc6 24.Rxb7+
Kf8 25.Ke3 Nxa5 26.Rb1 Rac8 27.Bd3 Bc6 28.Ra3 Bxf3 29.Rxa5 Bxg2
30.f3 h4 31.Rh5 h3 32.Rb7 Kg8 33.Rg5+ Kf8 34.Bh7 1-0

[Event "Master Open"]
[Site "Voronezh"]
[Date "2017.06.12"]
[Round "1.22"]
[White "Sobina, Pavel"]
[Black "Yudin, Sergei"]
[Result "0-1"]
[WhiteElo "2250"]
[BlackElo "2522"]
[Annotator ""]
[Source ""]
[Remark ""]

1.d4 d5 2.c4 e6 3.Nc3 c6 4.Nf3 dxc4 5.a4 Bb4 6.e4 b5 7.Bd2 Nf6
8.Qc2 Bb7 9.e5 Nd5 10.Ne4 Be7 11.b3 cxb3 12.Qxb3 a6 13.Rc1 Nd7
14.Bd3 h6 15.O-O Qb6 16.Rc2 b4 17.Rfc1 a5 18.Be3 Qa7 19.Nfd2
O-O 20.Nd6 Bxd6 21.exd6 e5 22.Nf3 Nxe3 23.fxe3 Rad8 24.Bg6 exd4
25.exd4 Nf6 26.Rxc6 Bxc6 27.Rxc6 Ne8 28.Qd5 Nxd6 29.Rxd6 Rxd6
30.Bxf7+ Rxf7 31.Qxd6 b3 32.Nd2 b2 33.Qd5 Qb7 34.Qa2 Qb4 0-1

[Event "Master Open"]
[Site "Voronezh"]
[Date "2017.06.12"]
[Round "1.23"]
[White "Maiorov, Nikita"]
[Black "Avalyan, Artur"]
[Result "1-0"]
[WhiteElo "2521"]
[BlackElo "2249"]
[Annotator ""]
[Source ""]
[Remark ""]

1.d4 Nf6 2.c4 e6 3.Nc3 Bb4 4.Qc2 O-O 5.a3 Bxc3+ 6.Qxc3 b6 7.Bg5
c5 8.Nf3 h6 9.Bh4 Bb7 10.e3 d6 11.Nd2 Qe7 12.f3 cxd4 13.Qxd4
Nc6 14.Bxf6 gxf6 15.Qh4 Kg7 16.Be2 f5 17.Qf2 Qf6 18.O-O-O Rac8
19.g4 Ne5 20.gxf5 d5 21.fxe6 dxc4 22.Nb1 fxe6 23.Nc3 Bxf3 24.Rhg1+
Kh8 25.Rdf1 Nd3+ 26.Bxd3 cxd3 27.Qd2 e5 28.Kb1 Qd6 29.e4 Rf7
30.Nb5 Qe6 31.Qxd3 Rcf8 32.Rc1 Rd7 33.Qe3 Rf4 34.Nc3 Qc4 35.Ka1
Qd4 36.Qe1 Rdf7 37.h3 Qd8 38.Qg3 Qf8 39.Nd5 Rxe4 40.Qg6 Rh4 41.Rc8 1-0

[Event "Master Open"]
[Site "Voronezh"]
[Date "2017.06.12"]
[Round "1.24"]
[White "Dmitriev, Igor"]
[Black "Paravyan, David"]
[Result "0-1"]
[WhiteElo "2242"]
[BlackElo "2521"]
[Annotator ""]
[Source ""]
[Remark ""]

1.d4 Nf6 2.Nc3 d5 3.Bg5 h6 4.Bxf6 exf6 5.e3 c6 6.Nge2 Bd6 7.e4
dxe4 8.Nxe4 Bc7 9.N2c3 O-O 10.Be2 f5 11.Nc5 Qd6 12.Bf3 b6 13.Nb3
Re8+ 14.Ne2 Ba6 15.Qd2 g5 16.h3 Qg6 17.g4 fxg4 18.hxg4 Nd7 19.O-O
Qf6 20.Kg2 Nf8 21.Rh1 Ng6 22.Rxh6 Bc4 23.Rah1 Qxf3+ 0-1

[Event "Master Open"]
[Site "Voronezh"]
[Date "2017.06.12"]
[Round "1.25"]
[White "Tsydypov, Zhamsaran"]
[Black "Cherednichenko, Dmitrij"]
[Result "1-0"]
[WhiteElo "2511"]
[BlackElo "2242"]
[Annotator ""]
[Source ""]
[Remark ""]

1.e4 e6 2.Qe2 c5 3.b3 Nc6 4.Bb2 e5 5.f4 exf4 6.Nf3 d6 7.Nc3 Nf6
8.O-O-O Be7 9.Nd5 Nxd5 10.exd5 Nb4 11.Re1 Bf5 12.Bxg7 Rg8 13.Bf6
Nxd5 14.Bxe7 Nxe7 15.Qc4 Qa5 16.a4 Qb4 17.Qd5 Be6 18.Qxd6 a6
19.Rxe6 fxe6 20.Bc4 Rg6 21.Bxe6 Qe4 22.Ne5 Qd4 23.Bd7+ Kf8 24.Nxg6+
hxg6 25.Qxd4 cxd4 26.Rf1 g5 27.h4 Rd8 28.Bg4 gxh4 29.Rxf4+ Kg7
30.Bf3 Ng6 31.Rg4 Kf6 32.Be4 Rg8 33.Bxb7 Kf5 34.Rxd4 Nf4 35.Kb2
Rg7 36.Rb4 a5 37.Rb5+ Kg4 38.b4 Kg3 39.bxa5 Nxg2 40.a6 h3 41.Rb3+
Kh4 42.a7 1-0

[Event "Master Open"]
[Site "Voronezh"]
[Date "2017.06.12"]
[Round "1.26"]
[White "Iliushkin, Evgeny"]
[Black "Gabrielian, Artur"]
[Result "0-1"]
[WhiteElo "2241"]
[BlackElo "2506"]
[Annotator ""]
[Source ""]
[Remark ""]

1.d4 Nf6 2.c4 c5 3.d5 e6 4.Nc3 exd5 5.cxd5 d6 6.Nf3 g6 7.e4 Bg7
8.Be2 O-O 9.O-O Re8 10.Nd2 Nbd7 11.a4 Ne5 12.h3 g5 13.Nf3 Nxf3+
14.Bxf3 h6 15.Re1 Nd7 16.Ne2 c4 17.Ng3 Nc5 18.Bg4 Be5 19.Bxc8
Rxc8 20.Nf5 Qf6 21.Qg4 c3 22.f4 cxb2 23.fxg5 h5 24.gxf6+ hxg4
25.Bxb2 Bxb2 26.Nxd6 Bxa1 27.Rxa1 Nxe4 0-1

[Event "Master Open"]
[Site "Voronezh"]
[Date "2017.06.12"]
[Round "1.27"]
[White "Burmakin, Vladimir"]
[Black "Kryukov, Denis V"]
[Result "1-0"]
[WhiteElo "2504"]
[BlackElo "2241"]
[Annotator ""]
[Source ""]
[Remark ""]

1.d4 d5 2.Nf3 e6 3.g3 c5 4.Bg2 Nc6 5.O-O Nf6 6.c4 Be7 7.cxd5
exd5 8.Nc3 O-O 9.Bf4 c4 10.Ne5 Be6 11.b3 cxb3 12.Nxc6 bxc6 13.axb3
Bb4 14.Na4 Qd7 15.Rc1 Bh3 16.Nc5 Bxc5 17.Rxc5 Rfe8 18.Qc2 Bxg2
19.Kxg2 Re6 20.Rc1 Rc8 21.Ra5 Rce8 22.Ra2 Rxe2 23.Qxe2 Rxe2 24.Rxe2
h6 25.f3 Qb7 26.Rc3 Qb6 27.Be3 Qb4 28.Rec2 a5 29.Bf2 Nd7 30.Re3
Qb5 31.Re8+ Kh7 32.Re7 Qxb3 33.Rxc6 Qb5 34.Rc7 Nf6 35.Rxf7 Nh5
36.g4 Kg6 37.gxh5+ Kxh5 38.Rxg7 1-0

[Event "Master Open"]
[Site "Voronezh"]
[Date "2017.06.12"]
[Round "1.28"]
[White "Krivtsov, Alexander"]
[Black "Golubov, Saveliy"]
[Result "0-1"]
[WhiteElo "2240"]
[BlackElo "2504"]
[Annotator ""]
[Source ""]
[Remark ""]

1.c4 Nf6 2.Nc3 e6 3.g3 d5 4.cxd5 exd5 5.Bg2 c6 6.d3 Bg4 7.f3
Be6 8.e4 dxe4 9.dxe4 Qb6 10.Qe2 Bc5 11.Nh3 Nbd7 12.Nf4 Bd4 13.Nxe6
fxe6 14.Bd2 Qxb2 15.Rb1 Qa3 16.Qc4 Qd6 17.f4 Nb6 18.Rxb6 Bxb6
19.e5 Qd7 20.exf6 O-O-O 21.Qe2 gxf6 22.Ne4 f5 23.Ng5 Qd4 24.Nf7
Qa1+ 25.Qd1 Qxa2 26.Nxh8 Rxd2 27.Qxd2 Ba5 28.Qxa5 Qxa5+ 29.Ke2
Qa2+ 30.Kf3 Qb3+ 31.Kf2 Qb2+ 32.Kf3 Qxh8 33.Re1 Qd4 34.h3 h5 0-1

[Event "Master Open"]
[Site "Voronezh"]
[Date "2017.06.12"]
[Round "1.29"]
[White "Iljiushenok, Ilia"]
[Black "Muromtsev, Arthur"]
[Result "1-0"]
[WhiteElo "2496"]
[BlackElo "2234"]
[Annotator ""]
[Source ""]
[Remark ""]

1.e4 c6 2.d4 d5 3.e5 c5 4.dxc5 e6 5.a3 Bxc5 6.b4 Bb6 7.Bb2 Ne7
8.Nf3 Nbc6 9.Bd3 Ng6 10.g3 O-O 11.O-O f6 12.exf6 Rxf6 13.b5 Qf8
14.Nbd2 e5 15.bxc6 bxc6 16.Bxg6 hxg6 17.Bxe5 Rf7 18.Kg2 g5 19.Nxg5
Rxf2+ 20.Kh1 Ba6 21.Rxf2 Qxf2 22.Qh5 Qf5 23.Re1 Rf8 24.g4 Be2
25.Rxe2 Qxc2 26.Re1 1-0

[Event "Master Open"]
[Site "Voronezh"]
[Date "2017.06.12"]
[Round "1.30"]
[White "Pogorelskikh, Sergey"]
[Black "Gavrilov, Alexei"]
[Result "0-1"]
[WhiteElo "2233"]
[BlackElo "2495"]
[Annotator ""]
[Source ""]
[Remark ""]

1.e4 e5 2.Nf3 Nc6 3.Bb5 a6 4.Ba4 Nf6 5.O-O Be7 6.Re1 b5 7.Bb3
d6 8.a3 O-O 9.d3 Be6 10.Bxe6 fxe6 11.c3 Nd7 12.Nbd2 Bf6 13.Nf1
Qe8 14.a4 b4 15.a5 bxc3 16.bxc3 Rb8 17.Bd2 Rb5 18.Qc2 Qa8 19.Reb1
Rfb8 20.Ne3 Qb7 21.Rxb5 Qxb5 22.Ng4 Qb3 23.Nxf6+ Nxf6 24.Qxb3
Rxb3 25.Kf1 Nd7 26.d4 h6 27.Ra4 d5 28.exd5 exd5 29.c4 e4 30.cxd5
exf3 31.gxf3 Ne7 32.Rc4 Nxd5 33.Rc6 Nb8 0-1

[Event "Master Open"]
[Site "Voronezh"]
[Date "2017.06.12"]
[Round "1.31"]
[White "Khegay, Dmitriy"]
[Black "Zherebtsova, Alexandra"]
[Result "1-0"]
[WhiteElo "2482"]
[BlackElo "2231"]
[Annotator ""]
[Source ""]
[Remark ""]

1.e4 e5 2.Nf3 Nc6 3.Bc4 Bc5 4.c3 Nf6 5.d3 a6 6.O-O d6 7.Bb3 Ba7
8.Re1 O-O 9.Bg5 h6 10.Bh4 Be6 11.Bc2 g5 12.Bg3 Kg7 13.Nbd2 Ng8
14.Nf1 f6 15.Ne3 Nce7 16.d4 h5 17.h4 g4 18.Nh2 Nh6 19.Nhf1 Qc8
20.Qd2 Ng6 21.Rad1 Rb8 22.Qd3 b5 23.Nf5+ Nxf5 24.exf5 Bc4 25.Qd2
Ne7 26.dxe5 dxe5 27.Bxe5 fxe5 28.Qg5+ Kf7 29.Rxe5 Re8 30.f6 1-0

[Event "Master Open"]
[Site "Voronezh"]
[Date "2017.06.12"]
[Round "1.32"]
[White "Shkurkin, Andrey"]
[Black "Belyakov, Bogdan"]
[Result "0-1"]
[WhiteElo "2229"]
[BlackElo "2476"]
[Annotator ""]
[Source ""]
[Remark ""]

1.d4 Nf6 2.c4 g6 3.Nc3 Bg7 4.e4 d6 5.f4 O-O 6.Nf3 c5 7.d5 e6
8.Be2 exd5 9.cxd5 Bg4 10.O-O Nbd7 11.h3 Bxf3 12.Bxf3 a6 13.a4
Qa5 14.Be3 Rfe8 15.g4 Nb6 16.Bf2 Nfd7 17.Qc2 Nc4 18.Rfc1 Qb4
19.b3 Bxc3 20.Qxc3 Nd2 21.Qxb4 cxb4 22.Rc7 Nf6 23.Bg2 Nfxe4 24.Be1
a5 25.Bxe4 Nxb3 26.Rb1 Rxe4 27.Bf2 Nd4 28.Bxd4 Rxd4 29.Rxb7 Rxd5
30.Rc1 Rc5 31.Re1 Rc2 32.Ree7 Rf8 33.Kf1 Ra2 34.Red7 Re8 35.Re7
Rxe7 36.Rxe7 b3 0-1

[Event "Master Open"]
[Site "Voronezh"]
[Date "2017.06.12"]
[Round "1.33"]
[White "Harutjunyan, Gevorg"]
[Black "Zhileykin, Andrey"]
[Result "0-1"]
[WhiteElo "2472"]
[BlackElo "2225"]
[Annotator ""]
[Source ""]
[Remark ""]

1.Nf3 d5 2.g3 Bg4 3.Bg2 Nd7 4.O-O c6 5.d4 Ngf6 6.Nbd2 e6 7.Re1
Be7 8.h3 Bf5 9.Nh4 Be4 10.Nxe4 dxe4 11.Bf1 c5 12.e3 O-O 13.c4
Qb6 14.b3 Rfd8 15.Bb2 Ne5 16.Qc2 Nc6 17.dxc5 Nb4 18.Qb1 Qxc5
19.a3 Nd3 20.Bd4 Qc6 21.Rd1 Rd7 22.Nf3 Rad8 23.Bxd3 exf3 24.Rd2
g6 25.b4 e5 26.Bxe5 Qe6 27.Bd4 Rxd4 28.exd4 Qxh3 29.Qf1 Qh6 30.Qd1
Ng4 31.Qxf3 Qxd2 32.Rd1 Qg5 33.Be2 f5 34.Kg2 Bf6 35.d5 Qh6 36.d6
Qh2+ 37.Kf1 Kh8 38.c5 Re8 39.b5 Qh3+ 40.Ke1 Nh2 41.Qd3 Qf1+ 42.Kd2
Qxf2 43.Rh1 g5 44.Kd1 Qxc5 0-1

[Event "Master Open"]
[Site "Voronezh"]
[Date "2017.06.12"]
[Round "1.34"]
[White "Shaydullina, Sandugach"]
[Black "Praggnanandhaa, R"]
[Result "0-1"]
[WhiteElo "2217"]
[BlackElo "2467"]
[Annotator ""]
[Source ""]
[Remark ""]

1.c4 e5 2.Nc3 Nf6 3.g3 d5 4.cxd5 Nxd5 5.Bg2 Nb6 6.Nf3 Nc6 7.O-O
Be7 8.d3 O-O 9.Be3 Be6 10.d4 exd4 11.Nxd4 Nxd4 12.Bxd4 c6 13.b3
Qd7 14.Be3 Qc8 15.Qc2 Bf5 16.Be4 Bxe4 17.Qxe4 Re8 18.Qf3 Bf6
19.Rac1 Bxc3 20.Rxc3 Nd5 21.Rd3 Qe6 22.Rfd1 a5 23.R1d2 a4 24.Bd4
Qg6 25.a3 axb3 26.Rxb3 b5 27.Qd3 Ra4 28.f3 f5 29.Kh1 h5 30.e3
Kh7 31.Rc2 Re6 32.Rc1 Kg8 33.Rc2 h4 34.Rg2 h3 35.Rg1 Rc4 36.Rbb1
Qf7 37.Rbe1 Ra4 38.Bc5 Qh5 39.Rgf1 Rc4 40.Bd4 Ne7 41.Bb2 Qg6
42.Rd1 Nd5 43.Rde1 Ne7 44.Rd1 Kh7 45.Rf2 Nd5 46.Re1 Ne7 47.Rd1
Qh6 48.Re2 Qg5 49.g4 Rg6 50.gxf5 Nxf5 51.Be5 Nh4 52.f4 Qg4 53.Rf2
Rc5 54.Qe2 Qxe2 55.Rxe2 Rg2 56.Rb2 Rxe5 0-1

[Event "Master Open"]
[Site "Voronezh"]
[Date "2017.06.12"]
[Round "1.35"]
[White "Nihal, Sarin"]
[Black "Smirnova, Ekaterina"]
[Result "1-0"]
[WhiteElo "2454"]
[BlackElo "2216"]
[Annotator ""]
[Source ""]
[Remark ""]

1.d4 d5 2.c4 c6 3.cxd5 cxd5 4.Bg5 Qb6 5.Nc3 e6 6.Qd2 Nc6 7.e3
Nge7 8.Bf4 Nf5 9.Bd3 Bd6 10.Nge2 Bxf4 11.Nxf4 Nd6 12.Rc1 Qa5
13.a3 Bd7 14.O-O Rc8 15.f3 O-O 16.Qf2 Qd8 17.Rcd1 Qf6 18.Qg3
Qe7 19.Qf2 Qf6 20.Nfe2 Rfd8 21.Qg3 Nf5 22.Bxf5 Qxf5 23.e4 dxe4
24.fxe4 Qg6 25.Qh4 h6 26.Rd3 Qg5 27.Qf2 Be8 28.Rg3 Qe7 29.e5
Na5 30.Ne4 Kh8 31.b4 Nc4 32.Rh3 Rc7 33.Nf4 Qd7 34.Ng6+ Kg8 35.Nf6+
gxf6 36.Qxf6 Qxd4+ 37.Kh1 Kh7 38.Qh8+ 1-0

[Event "Master Open"]
[Site "Voronezh"]
[Date "2017.06.12"]
[Round "1.36"]
[White "Ioffe, Ilya"]
[Black "Grishchenko, Sergey"]
[Result "0-1"]
[WhiteElo "2214"]
[BlackElo "2447"]
[Annotator ""]
[Source ""]
[Remark ""]

1.e4 c6 2.d4 d5 3.exd5 cxd5 4.Bd3 Nc6 5.c3 Nf6 6.Bf4 Bg4 7.Qb3
Qc8 8.Nd2 e6 9.Ngf3 Be7 10.O-O Bh5 11.Ne5 Nxe5 12.Bxe5 O-O 13.Rfe1
Bg6 14.Bxg6 hxg6 15.h3 Qc6 16.a4 Rfc8 17.Nf3 a6 18.Bf4 Nd7 19.Re3
b5 20.axb5 axb5 21.Rae1 Qc4 22.Qd1 b4 23.Ne5 Nxe5 24.Bxe5 Ra2
25.b3 Qb5 26.Qb1 Qa6 27.cxb4 Bxb4 28.Rd1 Rcc2 29.Rf3 Bd2 30.b4
Rcb2 31.Qd3 Qxd3 32.Rxd3 Bxb4 33.Rf3 g5 34.Rc1 f6 35.Bg3 Bd2
36.Rc6 Rb1+ 37.Kh2 Raa1 38.Bc7 e5 39.Kg3 Rc1 40.Rxc1 Rxc1 41.Bb6
Bf4+ 42.Kg4 g6 0-1

[Event "Master Open"]
[Site "Voronezh"]
[Date "2017.06.12"]
[Round "1.37"]
[White "Kozionov, Kirill"]
[Black "Pogosian, Georgy"]
[Result "1-0"]
[WhiteElo "2437"]
[BlackElo "2211"]
[Annotator ""]
[Source ""]
[Remark ""]

1.e4 e6 2.d4 d5 3.Nc3 Nf6 4.e5 Nfd7 5.Nce2 c5 6.c3 Nc6 7.f4 b5
8.a3 cxd4 9.Nxd4 Nxd4 10.cxd4 b4 11.a4 a5 12.Nf3 Ba6 13.Bxa6
Rxa6 14.Qd3 Rb6 15.f5 Be7 16.O-O O-O 17.f6 gxf6 18.Bh6 fxe5 19.Nxe5
Nxe5 20.dxe5 Bc5+ 21.Kh1 Qh4 22.Bxf8 Bxf8 23.Rac1 Qd8 24.Rxf7
Kxf7 25.Qxh7+ Ke8 26.Rc7 Qe7 27.Rc8+ Kd7 28.Qc2 Qd8 29.Rxd8+
Kxd8 30.b3 Kd7 31.h4 Rc6 32.Qf2 Be7 33.h5 1-0

[Event "Master Open"]
[Site "Voronezh"]
[Date "2017.06.12"]
[Round "1.38"]
[White "Maltsevskaya, Aleksandra"]
[Black "Khanin, Semen"]
[Result "0-1"]
[WhiteElo "2203"]
[BlackElo "2436"]
[Annotator ""]
[Source ""]
[Remark ""]

1.e4 c5 2.Nf3 e6 3.d4 cxd4 4.Nxd4 Nc6 5.Nc3 Qc7 6.f4 a6 7.Nxc6
Qxc6 8.Bd3 b5 9.Qe2 Bb7 10.Bd2 Bc5 11.O-O-O Ne7 12.Qh5 Rc8 13.a3
Qb6 14.Rhf1 O-O 15.g4 f6 16.Rf3 Rf7 17.f5 Bd4 18.Ne2 Be5 19.Rh3
g6 20.Qh6 a5 21.Bf4 b4 22.axb4 Qxb4 23.Bxe5 fxe5 24.Qg5 Bxe4
25.fxe6 dxe6 26.Qxe5 Bxd3 27.Rhxd3 Qxg4 28.Nd4 Qf4+ 29.Qxf4 Rxf4
30.Nxe6 Rh4 31.h3 Nf5 32.c3 Kf7 33.Nd8+ Kf6 34.Re1 Rd4 35.Re6+
Kg5 36.Rxd4 Nxd4 37.Re8 Kf6 38.Kb1 Nb5 39.Re6+ Kf5 40.Re8 Kf6
41.Re6+ Kf5 42.Re8 g5 43.Rf8+ Ke4 44.Re8+ Kf5 45.Rf8+ Ke4 46.Re8+
Kd5 47.Re3 Nd6 48.Ne6 Ne4 49.Nd4 Rf8 50.Ne2 Nc5 51.Re7 Rf2 52.Nd4
h5 53.Nc2 Rf3 54.b4 axb4 55.cxb4 Ne4 56.Kb2 Rxh3 57.b5 Nd6 58.Rg7
Rg3 59.Na3 Kc5 60.Rc7+ Kb4 61.Nc2+ Kxb5 62.Nd4+ Kb4 63.Nc2+ Ka5
64.Nd4 h4 65.Rc6 Nb5 66.Nc2 h3 67.Rh6 g4 68.Ka2 Rg2 69.Kb3 h2
70.Ne3 Rg3 71.Rxh2 Rxe3+ 0-1

[Event "Master Open"]
[Site "Voronezh"]
[Date "2017.06.12"]
[Round "1.39"]
[White "Cherniaev, Alexander"]
[Black "Gunchenko, Vadim"]
[Result "0-1"]
[WhiteElo "2425"]
[BlackElo "2199"]
[Annotator ""]
[Source ""]
[Remark ""]

1.d4 Nf6 2.g3 d5 3.Bg2 c6 4.Nf3 Bg4 5.c4 e6 6.O-O Nbd7 7.Qb3
Qb6 8.Nc3 Qxb3 9.axb3 Be7 10.h3 Bf5 11.c5 O-O 12.b4 a6 13.Bf4
h6 14.g4 Bh7 15.Nd2 Rac8 16.f3 g5 17.Bh2 h5 18.Nb3 Bd8 19.Na5
Bxa5 20.Rxa5 hxg4 21.hxg4 Rfe8 22.Ra3 e5 23.Rd1 exd4 24.Rxd4
Nf8 25.e3 Re6 26.Ne2 Rce8 27.Kf2 Ng6 28.Rd1 Ne5 29.Bxe5 Rxe5
30.Nd4 Kg7 31.Bf1 Ng8 32.Bxa6 bxa6 33.Nxc6 R5e6 34.Nd4 Rh6 35.Kg3
Ne7 36.Rda1 Bg6 37.Rxa6 Reh8 38.Rg1 Rh2 39.Rg2 Rh1 40.Ra7 Bd3
41.e4 dxe4 42.Rxe7 e3 43.Nf5+ Kf6 44.Rxf7+ Kxf7 45.Nxe3 R8h3+ 0-1

[Event "Master Open"]
[Site "Voronezh"]
[Date "2017.06.12"]
[Round "1.40"]
[White "Grigoryeva, Olga A."]
[Black "Smirnov, Alexander"]
[Result "1/2-1/2"]
[WhiteElo "2195"]
[BlackElo "2423"]
[Annotator ""]
[Source ""]
[Remark ""]

1.c4 e6 2.Nc3 d5 3.d4 c6 4.Nf3 dxc4 5.a4 Bb4 6.e3 b5 7.Bd2 a5
8.axb5 Bxc3 9.Bxc3 cxb5 10.b3 Bb7 11.bxc4 b4 12.Bb2 Nf6 13.Bd3
O-O 14.O-O Nbd7 15.Nd2 Qc7 16.f4 a4 17.Rb1 Rfd8 18.Qe2 Qd6 19.c5
Qd5 20.e4 Qh5 21.Qxh5 Nxh5 22.Rbc1 Rac8 23.Rf3 a3 24.Ba1 Bc6
25.f5 Nhf6 26.fxe6 fxe6 27.Bc4 Nf8 28.Rg3 Nxe4 29.Nxe4 Bxe4 30.d5
Ng6 31.d6 Bd5 32.Bxd5 exd5 33.Kf2 Kf7 34.Rb3 Rxd6 35.Rxb4 Rdc6
36.Ra4 Rxc5 37.Rxc5 Rxc5 38.Ra7+ Ne7 39.Rxa3 Nc6 40.Rb3 d4 41.Rb7+
Kf6 42.Rd7 Rc4 43.g4 g6 44.h4 Ke5 45.Rxh7 Rc1 46.Bxd4+ Nxd4 47.h5
g5 48.Rf7 Ne6 49.h6 Nc5 50.h7 Ne4+ 51.Kg2 Rc8 52.Rg7 Rh8 53.Kf3
Kf6 54.Rg8 Nd2+ 55.Ke2 Rxh7 56.Kxd2 Rh4 57.Rf8+ Kg7 58.Rf5 Rxg4
59.Ke3 Kg6 60.Rf8 Rg3+ 61.Kf2 Ra3 62.Kg2 1/2-1/2

[Event "Master Open"]
[Site "Voronezh"]
[Date "2017.06.12"]
[Round "1.41"]
[White "Korchmar, Vasiliy"]
[Black "Kavyev, Ruslan"]
[Result "1-0"]
[WhiteElo "2422"]
[BlackElo "2188"]
[Annotator ""]
[Source ""]
[Remark ""]

1.d4 Nf6 2.c4 g6 3.Nc3 d5 4.Bg5 Ne4 5.Bh4 Nxc3 6.bxc3 dxc4 7.e3
Be6 8.Be2 Bg7 9.Nh3 Bxh3 10.gxh3 c5 11.Bxc4 O-O 12.O-O Nc6 13.Qf3
Qc7 14.Bd5 e5 15.dxc5 Na5 16.Rab1 Rab8 17.Rb5 a6 18.Rb6 Qxc5
19.Rfb1 Nc4 20.Rxb7 Nd2 21.Qxf7+ Rxf7 22.Bxf7+ Kf8 23.Be7+ Qxe7
24.Rxb8+ Kxf7 25.R1b7 Bf8 26.Rxe7+ Bxe7 27.Ra8 Ne4 28.Rxa6 Nxc3
29.a4 Ke8 30.a5 Kd7 31.Ra7+ Kd8 32.a6 1-0

[Event "Master Open"]
[Site "Voronezh"]
[Date "2017.06.12"]
[Round "1.42"]
[White "Mendonca, Leon Luke"]
[Black "Ponomarev, Dmitry"]
[Result "0-1"]
[WhiteElo "2174"]
[BlackElo "2417"]
[Annotator ""]
[Source ""]
[Remark ""]

1.d4 d5 2.c4 dxc4 3.Nc3 c6 4.e4 b5 5.a4 b4 6.Nce2 Nf6 7.Ng3 Ba6
8.Nf3 e6 9.Qc2 Qa5 10.Bd2 Be7 11.Bxc4 O-O 12.O-O Nbd7 13.b3 Rac8
14.Bxa6 Qxa6 15.Rfc1 c5 16.Qc4 Qxc4 17.Rxc4 a5 18.dxc5 Rxc5 19.Rd4
Rfc8 20.h3 Rc2 21.Be3 Rb2 22.Nd2 Ne5 23.Ngf1 Rc3 24.Kh2 Nc6 25.Rc4
Rxc4 26.bxc4 Nd7 27.Kg1 Nc5 28.Bxc5 Bxc5 29.Rb1 Ra2 30.Rd1 Nd4
31.Kh2 Rxa4 32.Ne3 Ra2 33.Nf3 Nxf3+ 34.gxf3 Kf8 35.Kg3 Ke7 36.Ng4
a4 37.Ne5 Bd6 38.f4 Bxe5 39.fxe5 b3 40.c5 Rc2 41.Rd4 b2 42.Rb4
Rc3+ 43.f3 Rb3 0-1

[Event "Master Open"]
[Site "Voronezh"]
[Date "2017.06.12"]
[Round "1.43"]
[White "Yeletsky, Ivan"]
[Black "Michelle Catherina, P"]
[Result "1-0"]
[WhiteElo "2415"]
[BlackElo "2157"]
[Annotator ""]
[Source ""]
[Remark ""]

1.Nf3 d5 2.g3 Bg4 3.Bg2 Nd7 4.c4 e6 5.d4 c6 6.O-O Ngf6 7.h3 Bh5
8.cxd5 exd5 9.Qb3 Qb6 10.Qe3+ Be7 11.Nh4 Bg6 12.Nc3 Qd8 13.Nxg6
hxg6 14.b4 a6 15.Rb1 Nb6 16.Qd3 Qd7 17.a4 Qf5 18.Re1 O-O 19.Bf4
Rfc8 20.a5 Nbd7 21.Na4 Qxd3 22.exd3 Bd8 23.h4 Bc7 24.Be5 Ng4
25.Bxc7 Rxc7 26.Bh3 Ngf6 27.Nb6 Rd8 28.Re7 Kf8 29.Rbe1 Kg8 30.Kg2
Kf8 31.f3 Kg8 32.f4 Kf8 33.Kf3 Kg8 34.g4 g5 35.hxg5 Nh7 36.g6
fxg6 37.g5 Nhf8 38.Nxd7 Rcxd7 39.Bxd7 Nxd7 40.Re8+ Rxe8 41.Rxe8+
Kf7 42.Rc8 1-0

[Event "Master Open"]
[Site "Voronezh"]
[Date "2017.06.12"]
[Round "1.44"]
[White "Pranav, V"]
[Black "Domogaev, Sergey"]
[Result "0-1"]
[WhiteElo "2147"]
[BlackElo "2411"]
[Annotator ""]
[Source ""]
[Remark ""]

1.e4 a6 2.d4 c5 3.c3 cxd4 4.cxd4 d5 5.exd5 Nf6 6.Nc3 Nxd5 7.Bc4
e6 8.Nge2 Nf6 9.a4 Be7 10.O-O O-O 11.Be3 Nc6 12.Nf4 Bd6 13.Nh5
Nd5 14.Bd3 Nxe3 15.fxe3 f5 16.Bc4 Kh8 17.Nf4 Qg5 18.g3 Qh6 19.Ng2
Bd7 20.Qe2 e5 21.Qf2 Rac8 22.Rad1 Nxd4 23.exd4 Rxc4 24.Qe2 Rxd4
25.Qc2 Bc5 26.Kh1 Qc6 27.Ne2 Rxd1 28.Rxd1 Qxa4 29.b3 Qc6 30.Rxd7
Qxd7 31.Qxc5 Re8 32.Qe3 Qc6 33.h3 a5 34.Ng1 b5 35.Nf3 Qe4 36.Qf2
Qb1+ 37.Kh2 Qxb3 38.Ng5 h6 39.Nf3 Qe6 40.Ngh4 b4 0-1